Esto no es una pipa: ensayo sobre Magritte
में बचाया:
| मुख्य लेखक: | |
|---|---|
| स्वरूप: | पुस्तक |
| भाषा: | स्पेनिश |
| प्रकाशित: |
Barcelona
Anagrama
1981
|
| संस्करण: | 1a. ed |
| श्रृंखला: | Colección Argumentos
|
| विषय: | |
| टैग: |
टैग जोड़ें
कोई टैग नहीं, इस रिकॉर्ड को टैग करने वाले पहले व्यक्ति बनें!
|
MARC
| LEADER | 00000nam a2200000 a 4500 | ||
|---|---|---|---|
| 001 | UCJ1078 | ||
| 003 | CL-VaPUC | ||
| 008 | 060929e19810000SP |||||||||||||||||spa|d | ||
| 020 | |a 8433913212 | ||
| 082 | 0 | 4 | |a 759.9493 |b FOU |2 21 |
| 100 | |a Foucault, Michel |e author |9 257945 | ||
| 245 | 1 | 0 | |a Esto no es una pipa: ensayo sobre Magritte |
| 250 | |a 1a. ed | ||
| 300 | |a 88 p | ||
| 942 | |c BK | ||
| 945 | |d 20060929 00:00:00 |a cmena | ||
| 260 | |a Barcelona |b Anagrama |c 1981 | ||
| 600 | 0 | |a Magritte, René, |d 1898-1967 |9 478664 | |
| 650 | 0 | |a Filosofía del arte |9 264951 | |
| 650 | 7 | |a PINTORES BELGAS |2 CL-VaPUC |9 344604 | |
| 650 | 7 | |a PINTURA BELGA |2 CL-VaPUC |9 344603 | |
| 650 | 7 | |a SURREALISMO EN LA PINTURA |2 CL-VaPUC |9 408387 | |
| 650 | 0 | |a Filosofía francesa |9 255698 | |
| 583 | |a last modification |c 20060929 00:00:00 |k Rodrigo Vera | ||
| 490 | 0 | |a Colección Argumentos | |
| 999 | |c 317793 |d 317791 | ||
| 952 | |0 0 |1 0 |4 0 |6 759_949300000000000_FOU_1981 |7 0 |8 A |9 394721 |a BIBARQ |b BIBARQ |d 2019-11-22 |i 4524624 |l 1 |o 759.9493 FOU 1981 |p 4524624 |r 2025-01-20 |s 2022-04-07 |w 2019-11-22 |y BK |k ARQ | ||